| 000 | 00676nam a2200205Ii 4500 | ||
|---|---|---|---|
| 003 | JO-AjNU | ||
| 008 | 230605s9999||||xx |||||||||||||| ||und|| | ||
| 040 |
_aJO-AjNU _bara _erda _cJO-AjNU |
||
| 041 | _aara | ||
| 050 | 1 | 4 | _aKMU48.3.F8238 1981 |
| 100 | 3 |
_aديب، فؤاد, _eauthor _945956 |
|
| 245 | 0 | 0 | _aالقانون الدولي الخاص: الجنسية، الجزء الأول |
| 250 | _aط9 | ||
| 264 | 3 | 1 | _aدمشق: جامعة دمشق، 1981 |
| 300 | _aج1، 231ص | ||
| 336 |
_atext _btxt _2rdacontent |
||
| 337 |
_aunmediated _bn _2rdamedia |
||
| 338 |
_avolume _bnc _2rdacarrier |
||
| 650 | 4 |
_aالجنسية - القانون الدولي الخاص _945957 |
|
| 999 |
_aA19958 _c23526 _d23526 |
||